Selecta Senecae philosophi Opera : in gallicum versa /

Bibliographic Details
Main Author: Seneca, Lucius Annaeus, approximately 4 B.C.-65 A.D
Other Authors: Denis, Pierre François Xavier (Editor, Translator)
Format: Book
Language:Latin
Published: Parisiis : Typis J. Barbou, 1761.

MARC

Tag First Indicator Second Indicator Subfields
LEADER 00000cam a2200000Ia 4500
001 in00002201058
005 20151104135711.0
008 870309s1761 fr 000 0 lat d
029 1 |a NLGGC  |b 843538082 
035 |a (OCoLC)ocm15289361 
040 |a DLH  |c DLH  |d OCLCQ  |d TXA  |d UtOrBLW 
049 |a TXAM 
050 4 |a PA6661  |b .A7 1761 
082 0 4 |a 878.5 
100 1 |a Seneca, Lucius Annaeus,  |d approximately 4 B.C.-65 A.D. 
245 1 0 |a Selecta Senecae philosophi Opera :  |b in gallicum versa /  |c operâ & studio P.F.X.D. 
264 1 |a Parisiis :  |b Typis J. Barbou,  |c 1761. 
300 |a 2 preliminary leaves, 320 pages ;  |c 16 cm. 
336 |a text  |b txt  |2 rdacontent 
337 |a unmediated  |b n  |2 rdamedia 
338 |a volume  |b nc  |2 rdacarrier 
500 |a The French translation has special title page. 
505 0 |a De brevitate vitae -- De providentia -- De septem artibus -- Epistolae selectae. 
700 1 |a Denis, Pierre François Xavier,  |e editor,  |e translator. 
910 |a tp3107 
994 |a 02  |b TXA 
999 |a MARS 
999 f f |s 808c3ce1-3949-3ad6-9cff-7309ba987c75  |i f82a5a55-9a11-3edf-91fc-19f6d4f4f1ae  |t 0 
952 f f |p noncirc  |a Texas A&M University  |b College Station  |c Cushing Memorial Library & Archives  |d Cushing: Dawson French (Does not check out)  |t 0  |e PA6661 .A7 1761  |h Library of Congress classification  |i unmediated -- volume 
998 f f |a PA6661 .A7 1761  |t 0  |l Cushing: Dawson French (Does not check out)